Statistics for Identify the Language

Click here to take the quiz!

General Stats

  • This quiz has been taken 1,245 times
    (247 since last reset)
  • The average score is 18 of 27

Answer Stats

HintAnswer% Correct
Mi aerodeslizador está lleno de anguilasSpanish
98%
我的氣墊船裝滿了鱔魚Mandarin Chinese
90%
Моё судно на воздушной подушке полно угрейRussian
90%
My hovercraft is full of eelsEnglish
89%
Mein Luftkissenfahrzeug ist voller AaleGerman
89%
Mon aéroglisseur est plein d'anguillesFrench
88%
حَوّامتي مُمْتِلئة بِأَنْقَلَيْسونStandard Arabic
88%
Mój poduszkowiec jest pełen węgorzyPolish
86%
제 호버크래프트가 장어로 가득해요Korean
84%
Il mio aeroscafo è pieno di anguilleItalian
83%
Το αερόστρωμνό μου είναι γεμάτο χέλιαGreek
81%
הרחפת שלי מלאה בצלופחיםHebrew
81%
私のホバークラフトは鰻でいっぱいですJapanese
81%
O meu hovercraft está cheio de enguiasPortuguese (Portugal)
75%
Tàu cánh ngầm của tôi đầy lươnVietnamese
71%
โฮเวอร์คราฟท์ของผมเต็มไปด้วยปลาไหลThai
66%
मेरी मँडराने वाली नाव सर्पमीनों से भरी हैंHindi
63%
Ilmatyynyalukseni on täynnä ankeriaitaFinnish
57%
Mea navis volitans anguillis plena estLatin
56%
Hoverkraftım yılan balığı doluTurkish
52%
Puno ng palos ang aking hoberkrapTagalog
40%
Hovercraft saya penuh dengan belutIndonesian
37%
ჩემი ჰაერბალიშიანი სავსეა გველთევზებითGeorgian
35%
என் மிதவை நிறைய விலாங்கு மீன்கள்Tamil
32%
Gari langu linaloangama limejaa na mikungaSwahili
19%
నా విమానము అంతా మలుగు చేపలతో నిండిపోయిందిTelugu
19%
Ọkọ afategun-sare mi kun fun ẹja arọYoruba
16%

Score Distribution

Percentile by Number Answered

Percent of People with Each Score

Your Score History

You have not taken this quiz since the last reset